书目信息 |
| 题名: |
煤加压气化废水处理
|
|
| 作者: | 施永生 , 傅中见 编著 | |
| 分册: | ||
| 出版信息: | 北京 化学工业出版社 2001.05 |
|
| 页数: | 193页 | |
| 开本: | 20cm | |
| 丛书名: | ||
| 单 册: | ||
| 中图分类: | X784 | |
| 科图分类: | ||
| 主题词: | 化学工业废物--废物处理 , 化学工业废物--废物综合利用 , 化学工业废物 , 化学废物 , 化学废物--废物处理 , 化学废物--废物综合利用 | |
| 电子资源: | ||
| ISBN: | 7-5025-3217-X | |
| 000 | 00815nam0 2200265 45 | |
| 001 | 0238309406 | |
| 005 | 2002032010382940 | |
| 010 | @a7-5025-3217-X@dRMB 19.00 | |
| 100 | @a20020320d2001 km y0chiy0120 ea | |
| 101 | 0 | @achi |
| 102 | @aCN@b110000 | |
| 200 | 1 | @a煤加压气化废水处理@AMei Jia Ya Qi Hua Fei Shui Chu Li@f施永生,傅中见编著@FShi Yong Sheng,Fu Zhong Jian Bian Zhu |
| 210 | @a北京@c化学工业出版社@d2001.05 | |
| 215 | @a193页@d20cm | |
| 606 | 0 | @a化学工业废物@x废物处理 |
| 606 | 0 | @a化学工业废物@x废物综合利用 |
| 606 | 0 | @a化学工业废物 |
| 606 | 0 | @a化学废物 |
| 606 | 0 | @a化学废物@x废物处理 |
| 606 | 0 | @a化学废物@x废物综合利用 |
| 690 | @aX784@v3 | |
| 701 | 0 | @a施永生@AShi Yong Sheng@4编著 |
| 701 | 0 | @a傅中见@AFu Zhong Jian@4编著 |
| 801 | 0 | @aCN@bPFT@c20020320 |
| 905 | @a安徽大学@dX784@eS508 | |
| 煤加压气化废水处理/施永生,傅中见编著.-北京:化学工业出版社,2001.05 |
| 193页;20cm |
| ISBN 7-5025-3217-X:RMB 19.00 |
| ● |
| 相关链接 |
|
|
|
正题名:煤加压气化废水处理
索取号:X784/S508
 
预约/预借
| 序号 | 登录号 | 条形码 | 馆藏地/架位号 | 状态 | 备注 |
| 1 | 352856 | 203528566 | 自科二线504/501自科库 111排1列2层/ [索取号:X784/S508] | 在馆 | |
| 2 | 352857 | 203528575 | 自科库501/501自科库 111排1列2层/ [索取号:X784/S508] | 在馆 | |
| 3 | 352858 | 203528584 | 自科库501/501自科库 111排1列2层/ [索取号:X784/S508] | 在馆 |